The Gospel of St. Luke /

Bibliographic Details
Main Author: Caird, G. B. (George Bradford), 1917-1984
Format: Book
Language:English
Published: New York : Seabury Press, [1968]
Series:Pelican gospel commentaries.
Subjects:

MARC

Tag First Indicator Second Indicator Subfields
LEADER 00000cam a22000001 4500
001 in00000290713
005 20151010073925.0
008 700901c19681963nyub 00010 eng
010 |a  68014136  
035 |a (OCoLC)00756145 
035 |9 ABF1668AM 
040 |a DLC  |c DLC  |d TXA  |d UtOrBLW 
049 |a TXAM  |c [918120] 
050 0 0 |a BS2595.3  |b .C3 1968 
082 0 |a 226/.4/077 
100 1 |a Caird, G. B.  |q (George Bradford),  |d 1917-1984. 
245 1 4 |a The Gospel of St. Luke /  |c [by] G. B. Caird. 
264 1 |a New York :  |b Seabury Press,  |c [1968] 
264 4 |c [©1963] 
300 |a 271 pages :  |b map. ;  |c 22 cm. 
336 |a text  |b txt  |2 rdacontent 
337 |a unmediated  |b n  |2 rdamedia 
338 |a volume  |b nc  |2 rdacarrier 
490 1 |a The Pelican Gospel commentaries 
630 0 0 |a Bible.  |p Luke  |x Commentaries. 
830 0 |a Pelican gospel commentaries. 
999 |a MARS 
999 f f |s de8752ec-1111-3cf4-b059-e2f420d8e8dd  |i 0c65b8f9-e7a0-3c5b-8e41-0b49e42f5adb  |t 0 
952 f f |p ric  |a Texas A&M University  |b Rellis Campus  |c Joint Library Facility  |d Remote Storage  |t 0  |e BS2595.3 .C3 1968  |h Library of Congress classification  |i unmediated -- volume  |m A14801785024 
998 f f |a BS2595.3 .C3 1968  |t 0  |l Remote Storage